ბათუმის შოთა რუსთაველის სახელმწიფო უნივერსიტეტის ბიბლიოთეკა

ნაწილი 1: უცხოელი ავტორები XIX საუკუნის ბათუმის შესახებ (1804-1898წწ.) ნაწ. : 2.ბათუმის ოლქის ეკონომიკური განვითარება მე-20 საუკუნის პირველ ათწლეულში / (ბიბ.ჩანაწერი № 53159)

000 -ლიდერი
ფიქსირებული სიგრძის საკონტროლო ველი 01197nam a2200229Ia 4500
001 - საკონტროლო ნომერი
საკონტროლო ველი 20198
003 - საკონტროლო ნომრის იდენტიფიკატორი
საკონტროლო ველი GE_BSU
005 - ბოლო ოპერაციის თარიღი და დრო
საკონტროლო ველი 20200606225614.0
008 - ფიქსირებული სიგრძის მონაცემთა ელემენტები - ზოგადი ინფორმაცია
ფიქსირებული სიგრძის საკონტროლო ველი 181216s2017||||ge |||||||||||||| ||geo||
020 ## - წიგნის საერთაშორისო სტანდარტული ნომერი
International Standard Book Number 9789941229619
040 ## - კატალოგიზაციის წყარო
Transcribing agency GE_BSU
041 ## - ენის კოდი
Language code of text/sound track or separate title geo
080 ## - უნივერსალური ათობითი კლასიფიკაციის ინდექსი
Universal Decimal Classification number 94(479.223) გ-61
100 ## - მთავარი ჩანაწერი - პიროვნების სახელი
Personal name გოგოლიშვილი, ოთარ.
9 (RLIN) 930
245 ## - ცნობა სათაურის შესახებ
Title ნაწილი 1: უცხოელი ავტორები XIX საუკუნის ბათუმის შესახებ (1804-1898წწ.) ნაწ. : 2.ბათუმის ოლქის ეკონომიკური განვითარება მე-20 საუკუნის პირველ ათწლეულში /
Statement of responsibility, etc ოთარ გოგოლიშვილი ; რედ. ლელა სალარიძე.
264 ## - წარმოების, გამოცემის, დისტრიბუციის და სხვა ცნობები
გამოცემის, წარმოების, დისტრიბუციის... ადგილი თბილისი :
გამოცემის, წარმოების, დისტრიბუციის... სახელწოდება უნივერსალი,
გამოცემის, წარმოების, დისტრიბუციის... თარიღი 2017.
300 ## - ფიზიკური აღწერა
Extent 103 გვ. :
Other physical details ილ. ;
Dimensions 19 სმ.
653 ## - INDEX TERM--UNCONTROLLED
Uncontrolled term ისტორია
653 ## - INDEX TERM--UNCONTROLLED
Uncontrolled term ქალაქ ბათუმის ისტორია
700 ## - ADDED ENTRY--PERSONAL NAME
Personal name სალარიძე, ლელა
Relator term რედაქტორი
9 (RLIN) 8309
942 ## - ADDED ENTRY ELEMENTS (KOHA)
Koha item type წიგნი
Source of classification or shelving scheme
ეგზემპლარები
ჩამოწერის სტატუსი დაკარგული ეგზემპლარის სტატუსი კლასიფიკაციის წყარო ან თაროზე გაწყობის სქემა დაზიანების სტატუსი არ გაიცემა მუდმივი მდებარეობა (დაცვის ადგილი) ამჟამინდელი ადგილსამყოფელი თაროზე განთავსების ადგილი შეძენის თარიღი სრული შენახვის შიფრი შტრიხკოდი ბოლო ოპერაციის თარიღი ეგზემპლარის მიმდევრობითი ნომერი (კეტერი?) ფასის ძალაში შესვლის თარიღი ეგზემპლარის სახეობა
          ბათუმის შოთა რუსთაველის სახელმწიფო უნივერსიტეტის მთავარი ბიბლიოთეკა ბათუმის შოთა რუსთაველის სახელმწიფო უნივერსიტეტის მთავარი ბიბლიოთეკა წიგნსაცავი 2018-12-17 94(479.223) გ-61 52764 2018-12-17 52764 2018-12-17 წიგნი
          ბათუმის შოთა რუსთაველის სახელმწიფო უნივერსიტეტის მთავარი ბიბლიოთეკა ბათუმის შოთა რუსთაველის სახელმწიფო უნივერსიტეტის მთავარი ბიბლიოთეკა წიგნსაცავი 2018-12-17 94(479.223) გ-61 52765 2018-12-17 52765 2018-12-17 წიგნი
          ბათუმის შოთა რუსთაველის სახელმწიფო უნივერსიტეტის მთავარი ბიბლიოთეკა ბათუმის შოთა რუსთაველის სახელმწიფო უნივერსიტეტის მთავარი ბიბლიოთეკა წიგნსაცავი 2018-12-17 94(479.223) გ-61 52766 2018-12-17 52766 2018-12-17 წიგნი